U.S. Quarterly Outlook (Record no. 119229)
[ view plain ]
| 000 -LEADER | |
|---|---|
| fixed length control field | 01180cas a22002655 4500 |
| 001 - CONTROL NUMBER | |
| control field | L147819 |
| 008 - FIXED-LENGTH DATA ELEMENTS--GENERAL INFORMATION | |
| fixed length control field | 110221c2008 xxuqr ws s 0 a0eng u |
| 035 ## - SYSTEM CONTROL NUMBER | |
| System control number | (Sirsi) u147819 |
| 041 0# - LANGUAGE CODE | |
| Language code of text/sound track or separate title | eng |
| 050 ## - LIBRARY OF CONGRESS CALL NUMBER | |
| Classification number | 333.33 $2 18 |
| 110 2# - MAIN ENTRY--CORPORATE NAME | |
| Corporate name or jurisdiction name as entry element | Prudential Real Estate Investors |
| 9 (RLIN) | 5755 |
| 245 00 - TITLE STATEMENT | |
| Title | U.S. Quarterly Outlook |
| Medium | [electronic resource] |
| 260 ## - PUBLICATION, DISTRIBUTION, ETC. | |
| Place of publication, distribution, etc. | Parsippany |
| Name of publisher, distributor, etc. | PREI |
| Date of publication, distribution, etc. | 2008 |
| 362 0# - DATES OF PUBLICATION AND/OR SEQUENTIAL DESIGNATION | |
| Dates of publication and/or sequential designation | July 2008- |
| 490 #0 - SERIES STATEMENT | |
| Series statement | U.S. Quarterly Outlook |
| Volume/sequential designation | July 2008- |
| 520 ## - SUMMARY, ETC. | |
| Summary, etc. | Covers trends and outlook in the US debt, REITs and property markets. Charts. Graphs. |
| 520 ## - SUMMARY, ETC. | |
| Summary, etc. | U.S Quarterly Market Perspective until April 2011 issue |
| 554 ## - | |
| -- | Four per year |
| 650 24 - SUBJECT ADDED ENTRY--TOPICAL TERM | |
| Topical term or geographic name entry element | PRUDENTIAL REAL ESTATE INVESTORS U.S. QUARTERLY OUTLOOK |
| 651 #4 - SUBJECT ADDED ENTRY--GEOGRAPHIC NAME | |
| Geographic name | United States |
| Chronological subdivision | 1959- |
| 690 ## - LOCAL SUBJECT ADDED ENTRY--TOPICAL TERM (OCLC, RLIN) | |
| Topical term or geographic name as entry element | PROPERTY-COMMERCIAL PROPERTY-COMMERCIAL PROPERTY MARKET |
| 856 48 - ELECTRONIC LOCATION AND ACCESS | |
| Uniform Resource Identifier | <a href="https://www.pramericarei.com/pramerica/realestate/index.html">https://www.pramericarei.com/pramerica/realestate/index.html</a> |
| Public note | View the latest report free of charge at www.pramericarei.com |
| 856 48 - ELECTRONIC LOCATION AND ACCESS | |
| Uniform Resource Identifier | <a href="https://www.pramericarei.com/pramerica/realestate/pra_research_frameset.html">https://www.pramericarei.com/pramerica/realestate/pra_research_frameset.html</a> |
| Public note | Click on the link research archive to view archive issues free of charge at www.pramericarei.com |
| 942 ## - ADDED ENTRY ELEMENTS (KOHA) | |
| Suppress in OPAC | 0 |
| Withdrawn status | Lost status | Source of classification or shelving scheme | Damaged status | Not for loan | Home library | Current library | Shelving location | Date acquired | Total Checkouts | Full call number | Barcode | Date last seen | Price effective from | Koha item type |
|---|---|---|---|---|---|---|---|---|---|---|---|---|---|---|
| Dewey Decimal Classification | Virtual | Virtual | Online | 22/06/2009 | ONLINE PUBLICATION | 147819-1001 | 06/08/2019 | 06/08/2019 | Journal |